पत्ताखोर / (Record no. 118500)

MARC details
000 -LEADER
fixed length control field 01059nam a22002897a 4500
003 - CONTROL NUMBER IDENTIFIER
control field 0
005 - DATE AND TIME OF LATEST TRANSACTION
control field 20200108154519.0
008 - FIXED-LENGTH DATA ELEMENTS--GENERAL INFORMATION
fixed length control field 0
010 ## - LIBRARY OF CONGRESS CONTROL NUMBER
LC control number B-143861, b-143868
020 ## - INTERNATIONAL STANDARD BOOK NUMBER
Terms of availability 225.00
International Standard Book Number 8126710330
035 ## - SYSTEM CONTROL NUMBER
System control number B-143861,B-143864
035 ## - SYSTEM CONTROL NUMBER
System control number B-143866
037 ## - SOURCE OF ACQUISITION
Source of stock number/acquisition Cen Lib/Ret
040 ## - CATALOGING SOURCE
Original cataloging agency DPL
Language of cataloging HN
Transcribing agency 0
082 ## - DEWEY DECIMAL CLASSIFICATION NUMBER
Classification number
Item number काँकरि
100 ## - MAIN ENTRY--PERSONAL NAME
Personal name काँकरिया, मधु
9 (RLIN) 47617
245 ## - TITLE STATEMENT
Title पत्ताखोर /
Statement of responsibility, etc मधु काँकरिया
246 ## - VARYING FORM OF TITLE
Title proper/short title Pattakhor /
Remainder of title by Madhu Kankariya
260 ## - PUBLICATION, DISTRIBUTION, ETC. (IMPRINT)
Place of publication, distribution, etc नई दिल्ली
Name of publisher, distributor, etc राजकमल प्रकाशन
Date of publication, distribution, etc 2005
270 ## - ADDRESS
Address 1-बी, नेताजी सुभाष मार्ग
City नई दिल्ली
Postal code 110002
300 ## - PHYSICAL DESCRIPTION
Extent 211पृ.
Dimensions 21सेमी(सजिल्द)
650 ## - SUBJECT ADDED ENTRY--TOPICAL TERM
Topical term or geographic name as entry element साहित्य--उपन्यास
9 (RLIN) 80534
650 ## - SUBJECT ADDED ENTRY--TOPICAL TERM
Topical term or geographic name as entry element हिंदी उपन्यास
9 (RLIN) 80535
650 ## - SUBJECT ADDED ENTRY--TOPICAL TERM
Topical term or geographic name as entry element Literature--Novel
9 (RLIN) 80536
650 ## - SUBJECT ADDED ENTRY--TOPICAL TERM
Topical term or geographic name as entry element Hindi novel
9 (RLIN) 80537
942 ## - ADDED ENTRY ELEMENTS (KOHA)
Source of classification or shelving scheme Dewey Decimal Classification
Koha item type Hindi Books
Classification part
Call number suffix काँकरि
Holdings
Withdrawn status Lost status Damaged status Not for loan Home library Current library Date acquired Source of acquisition Cost, normal purchase price Total Checkouts Full call number Barcode Date last seen Date checked out Copy number Cost, replacement price Price effective from Koha item type Source of classification or shelving scheme Collection code Total Renewals
        Central Library Central Library 11/09/2015 Cen Lib/Ret 225.00 1 उ काँकरि B-143861 23/10/2017 12/10/2017 1 225.00 11/09/2015 Hindi Books      
        Patel Nagar Patel Nagar 01/10/2018 BPPD/PUB 225.00 2 उ काँकरि B-143864 16/03/2024 24/02/2024   225.00 01/10/2018 Hindi Books Dewey Decimal Classification Fiction 1
        R.K.Puram-8 R.K.Puram-8 08/01/2020 BPPD/Purchase 225.00 1 उ काँकरि B-143866 15/01/2020 08/01/2020 1 225.00 08/01/2020 Hindi Books Dewey Decimal Classification Fiction  
        Shahdara Branch Shahdara Branch 28/02/2019       उ काँकरि   28/02/2019       28/02/2019 Hindi Books Dewey Decimal Classification    
        Yojana Vihar Yojana Vihar 23/07/2019 BPPD/PUB 225.00   उ काँकरि B-143869 23/07/2019     225.00 23/07/2019 Hindi Books Dewey Decimal Classification Fiction  

© Delhi Public Library
Hit Counter
free hit counter